Statistics for Italy National Football Team Best Scorer By Year

Click here to take the quiz!

General Stats

  • This quiz has been taken 420 times
    (141 since last reset)
  • The average score is 16 of 63

Answer Stats

Player% Correct
Ciro Immobile
90%
Alessandro Del Piero
87%
Filippo Inzaghi
72%
Paolo Rossi
70%
Christian Vieri
68%
Mario Balotelli
68%
Roberto Baggio
68%
Leonardo Bonucci
63%
Lorenzo Insigne
63%
Luca Toni
62%
Giorgio Chiellini
60%
Graziano Pellè
50%
Antonio Di Natale
47%
Alberto Gilardino
43%
Gianni Rivera
41%
Gianni Rivera
41%
Luigi Riva
41%
Fabio Quagliarella
39%
Andrea Belotti
38%
Gianluca Vialli
37%
Jorginho
37%
Domenico Berardi
34%
Alessandro Mazzola
33%
Antonio Cassano
33%
Gianfranco Zola
32%
Eder
31%
Alessandro Altobelli
27%
Giacomo Raspadori
26%
Federico Bernardeschi
24%
Simone Zaza
23%
Salvatore Schillaci
21%
Roberto Boninsegna
17%
Davide Frattesi
16%
Omar Sívori
16%
Roberto Bettega
16%
Josè Altafini
14%
Matteo Politano
13%
Francesco Graziani
12%
Giampiero Boniperti
10%
Antonio Cabrini
7%
Pierluigi Casiraghi
7%
Pietro Anastasi
6%
Cristiano Biraghi
5%
Angelo Domenghini
3%
Fabio Capello
3%
Paolo Pulici
3%
Pierino Prati
3%
Carlo Galli
2%
Amedeo Amadei
1%
Ermes Muccinelli
1%
Alberto Orlando
0%
Amleto Frignani
0%
Angelo Longoni
0%
Angelo Sormani
0%
Aredio Gimona
0%
Bruno Nicolè
0%
Eduardo Ricagni
0%
Egisto Pandolfini
0%
Francisco Lojacono
0%
Gino Stacchini
0%
Guido Gratton
0%
Miguel Montuori
0%
Sergio Cervato
0%

Score Distribution

Percentile by Number Answered

Percent of People with Each Score

Your Score History

You have not taken this quiz since the last reset